Obálka Náhled e-knihy:
PDF
Pro půjčování e-knih musíte být přihlášeni.
Jak si půjčit online?

Kačka & mops /

Dalších příběhy svérázné Kačky a jejího čtyřnohého kamaráda, které potěší a pobaví malé i velké čtenáře.

Uloženo v:
Série:Kačka & mops, část 2
Hlavní autor: Perglová, Kateřina (Autor, Ilustrátor)
Médium: E-kniha
Jazyk:Czech
Vydáno: V Brně : CPress, 2021
Vydání:1. vydání
Témata:
Příbuzné jednotky:Z cyklu:: Kačka & mops
Tagy:
Žádné tagy
LEADER 02214nam a2200457 i 4500
001 311494
003 CZ PrSKC
005 20260601215706.0
007 ta
008 211213s2021 xr a b 6 000 1 cze
015 |a cnb003378798 
020 |a 9788026439547  |q (brožováno) :  |c Kč 199,00 
035 |a (OCoLC)1296109450 
040 |a ABG001  |b cze  |d ABA001  |e rda 
072 7 |a 741.52  |x Komiksy. Komiksové adaptace  |2 Konspekt 
072 7 |a 821-93  |x Literatura pro děti a mládež (beletrie)  |2 Konspekt 
080 |a 741.52(0:82-32)  |2 MRF 
080 |a 821-93  |2 MRF 
100 1 |a Perglová, Kateřina  |7 osa20191051794  |4 aut  |4 ill 
245 1 0 |a Kačka & mops /  |c Kateřina Perglová 
246 3 |a Kačka a mops 
250 |a 1. vydání 
264 1 |a V Brně :  |b CPress,  |c 2021 
300 |a 104 nečíslovaných stran :  |b ilustrace ;  |c 21 cm 
336 |a text  |b txt  |2 rdacontent 
336 |a statický obraz  |b sti  |2 rdacontent 
337 |a bez média  |b n  |2 rdamedia 
338 |a svazek  |b nc  |2 rdacarrier 
500 |a Obálkový podnázev: placatý komiks 
520 2 |a Dalších příběhy svérázné Kačky a jejího čtyřnohého kamaráda, které potěší a pobaví malé i velké čtenáře.  |b Uvidíte, že střet dětského a dospěláckého světa se dá řešit s nadhledem, vtipem a noblesou. A dokonce zde zjistíte, jak bez úhony přežít setkání s čivavou, jak se nezbláznit z dlouhotrvající karantény a online výuky a jak vypadá správné vyznání lásky. Nakladatelská anotace. Kráceno. 
655 7 |a komiksy  |7 fd131978  |2 czenas 
655 7 |a publikace pro děti  |7 fd133156  |2 czenas 
655 9 |a comics (graphic works)  |2 eczenas 
655 9 |a children's literature  |2 eczenas 
787 0 8 |i Z cyklu:  |t Kačka & mops  |g 2 
900 |a ABA001  |b 19 
928 9 |a Albatros Media - CPress 
044 |a xr 
910 |a RBIT002 
998 |d 345602  |a https://core.palmknihy.cz/api/books/345602/cover?sihu60  |b https://core.palmknihy.cz/api/books/345602/cover/400?sihu60  |c https://core.palmknihy.cz/api/books/345602/cover/50?sihu60  |e 2031-12-31  |g 104  |i 9788026439547  |k https://core.palmknihy.cz/api/books/345602/preview.pdf  |l   |q 49  |r 1  |s https://www.palmknihy.cz/kniha/345602  |t ebook  |y 2021  |z 0 
999 |d 311492